000 00753nam a2200205Ii 4500
003 JO-AjNU
008 230605s9999||||xx |||||||||||||| ||und||
017 _a1998/10/1605
040 _aJO-AjNU
_bara
_erda
_cJO-AjNU
041 _aara
050 1 4 _aSB951.J34 1998
100 3 _aالجغبير ، ماضي توفيق عبدالوالي ,
_eauthor
_918900
245 0 0 _aالمبيدات انواعها ,استعاملاتها,تاثيراتها الصحية وطرق معالجتها
264 3 1 _aعمان:المؤلف ، 1998
300 _a129ص
336 _atext
_btxt
_2rdacontent
337 _aunmediated
_bn
_2rdamedia
338 _avolume
_bnc
_2rdacarrier
650 4 _aالعلوم التطبيقية-المبيدات الزراعية
_918901
999 _aA6131
_c9699
_d9699